Die Schweiz im Jahre 1789 mit einer Karte - Statistiken

Allgemein
  • Dieses Quiz wurde 360 mal gespielt
    319 seit der letzten Aktualisierung
  • Das Durchschnittsergebnis liegt bei 31 aus 53
Antworten auf der Karte
Die Antworten werden auf der Karte rot bzw. grün angezeigt, abhängig davon wie oft sie richtig erraten wurden.
 
Antwortstatistiken
Art Orte % Korrekt
Schirmherrschaft Rapperswil
100%
Schirmherrschaft Abtei Bellelay
98%
XIII Orte Bern
98%
Schirmherrschaft La Neuveville
98%
XIII Orte Zürich
96%
Schirmherrschaft Republik Gersau
95%
XIII Orte Basel
94%
XIII Orte Luzern
92%
XIII Orte Schaffhausen
92%
XIII Orte Uri
92%
XIII Orte Schwyz
91%
XIII Orte Appenzell
89%
Schirmherrschaft Abtei Engelberg
88%
XIII Orte Freiburg
88%
XIII Orte Unterwalden
88%
XIII Orte Zug
88%
Zugewandter Ort Fürstabtei St. Gallen
86%
Schirmherrschaft Propstei Moutier-Grandval
86%
XIII Orte Solothurn
86%
Zugewandter Ort St. Gallen
86%
XIII Orte Glarus
84%
Gemeine Herrschaft Thurgau
84%
Zugewandter Ort Republik der Sieben Zenden
81%
Zugewandter Ort Freistaat der Drei Bünde
80%
Zugewandter Ort Fürstentum Neuenburg
80%
Zugewandter Ort Genf
80%
Schirmherrschaft Haldenstein
80%
Gemeine Herrschaft Lugano
79%
Gemeine Herrschaft Bellinzona
73%
Gemeine Herrschaft Locarno
66%
Gemeine Herrschaft Baden
50%
Zugewandter Ort Biel
47%
Gemeine Herrschaft Murten
38%
Gemeine Herrschaft Sargans
36%
Gemeine Herrschaft Mendrisio
29%
Gemeine Herrschaft Rheintal
29%
Gemeine Herrschaft Freie Ämter
27%
Gemeine Herrschaft Uznach
20%
Gemeine Herrschaft Grandson
17%
Teile der Drei Bünde Oberer oder Grauer Bund
17%
Gemeine Herrschaft Blenio
16%
Gemeine Herrschaft Schwarzenburg
16%
Gemeine Herrschaft Orbe und Échallens
14%
Teile der Drei Bünde Gotteshausbund
13%
Teile der Drei Bünde Veltlin
13%
Gemeine Herrschaft Valle Maggia
12%
Gemeine Herrschaft Gams
11%
Gemeine Herrschaft Gaster
11%
Gemeine Herrschaft Riviera
11%
Zugewandter Ort Mülhausen
10%
Teile der Drei Bünde Zehngerichtebund
10%
Teile der Drei Bünde Cleven
9%
Teile der Drei Bünde Worms
6%
Keine übereinstimmenden Quizze gefunden
Verteilung der Resultate
Anzahl Personen mit jedem Resultat
Perzentil nach korrekt beantworteten Fragen
Ihre Resultats-Entwicklung
Sie haben dieses Quiz seit der letzten Aktualisierung nicht gespielt